New light on the sun temple of konarka / (Record no. 21037)

MARC details
000 -LEADER
fixed length control field 00454nam a2200157Ia 4500
005 - DATE AND TIME OF LATEST TRANSACTION
control field 20240807062516.0
008 - FIXED-LENGTH DATA ELEMENTS--GENERAL INFORMATION
fixed length control field 240806s9999||||xx |||||||||||||| ||eng||
041 ## - LANGUAGE CODE
Language code of text/sound track or separate title eng
082 ## - DEWEY DECIMAL CLASSIFICATION NUMBER
Classification number 726.1095413
Item number RATN
100 ## - MAIN ENTRY--AUTHOR NAME
Personal name Alice Boner & Sadasiva Bath Sabma
245 #0 - TITLE STATEMENT
Title New light on the sun temple of konarka /
Statement of responsibility, etc Alice Boner & Sadasiva Bath Sabma
260 ## - PUBLICATION, DISTRIBUTION, ETC. (IMPRINT)
Name of publisher Chaukhambha Sanskrit Sansthan Varanasi
300 ## - PHYSICAL DESCRIPTION
Number of Pages 0
650 ## - SUBJECT ADDED ENTRY--TOPICAL TERM
Topical Term Anc. History
942 ## - ADDED ENTRY ELEMENTS (KOHA)
Koha item type Books
Holdings
Withdrawn status Lost status Damaged status Not for loan Permanent Location Current Location Shelving location Date acquired Full call number Accession Number Koha item type
        Central Library, CMP Central Library, CMP General stacks 07/08/2024 726.1095413 RATN 23874 Books

Implemented and Maintained by Dr. Punit Kumar Singh

For any Suggestions/Queries, contact the library or email us at: library.cmpdc@gmail.com OR library@cmpcollege.ac.in

Website/OPAC is best viewed in Mozilla Browser at a resolution of 1366x768.